| 000 | 00448nam a2200145Ia 4500 | ||
|---|---|---|---|
| 008 | 230917s9999||||xx |||||||||||||| ||und|| | ||
| 040 |
_e175886 _aMAIN |
||
| 041 | _aEnglish | ||
| 082 | _a891.491503741 DR536CJ | ||
| 100 | _aधनखड़, राजबीर सिहं | ||
| 245 | 0 | _aचाल जमाने की | |
| 260 |
_aकैथल _bसुकीर्ति प्रकाशन _c2005 |
||
| 300 | _a104 पृ. p. | ||
| 942 | _cHN | ||
| 999 |
_c147952 _d147952 |
||